书目信息 |
| 题名: |
德国民事诉讼法基础教程
|
|
| 作者: | 穆谢拉克 著 ;周翠 翻译 | |
| 分册: | ||
| 出版信息: | 北京 中国政法大学出版社 2005.10 |
|
| 页数: | [36], 582页 | |
| 开本: | 23cm | |
| 丛书名: | 民事诉讼法学精粹译丛 | |
| 单 册: | ||
| 中图分类: | D951.651 | |
| 科图分类: | ||
| 主题词: | 民事诉讼法--min shi su song fa--德国--高等学校--教材 | |
| 电子资源: | ||
| ISBN: | 7-5620-2707-2 | |
| 000 | 01206nam 2200301 450 | |
| 001 | 012007546483 | |
| 005 | 20071011101753.46 | |
| 010 | @a7-5620-2707-2@dCNY44.00 | |
| 100 | @a20070609d2005 km y0chiy0120 ea | |
| 101 | 1 | @achi@cger |
| 102 | @aCN@b110000 | |
| 105 | @aa a 001yy | |
| 200 | 1 | @a德国民事诉讼法基础教程@Ade guo min shi su song fa ji chu jiao cheng@f(德) 汉斯 - 约阿希姆·穆泽拉克著@F(de)han si-yue a xi mu·mu ze la ke zhu@g周翠翻译@Gzhou cui fan yi |
| 210 | @a北京@c中国政法大学出版社@d2005.10 | |
| 215 | @a[36], 582页@c图@d23cm | |
| 225 | 2 | @a民事诉讼法学精粹译丛@Amin shi su song fa xue jing cui yi cong |
| 300 | @a本项目由福特基金会资助 | |
| 305 | @a据Verlag C. H. Beck, Munchen 2002年德文第六版译出。 | |
| 314 | @a责任者规范汉译姓: 穆谢拉克 | |
| 320 | @a有书目和索引。 | |
| 330 | @a本书为德国高等政法院校教材,论述了德国民事诉讼法的基础理论与基本知识。具有很高的学术参考价值。 | |
| 410 | 0 | @12001 @a民事诉讼法学精粹译丛 |
| 606 | 0 | @a民事诉讼法@Amin shi su song fa@y德国@x高等学校@j教材 |
| 690 | @aD951.651@v4 | |
| 701 | 1 | @a穆谢拉克@Amu xie la ke@g(Musielak, Hans-Joachim)@4著 |
| 702 | 0 | @a周翠@Azhou cui@4翻译 |
| 801 | 0 | @aCN@c20071011 |
| 905 | @dD951.651@eM986 | |
| 德国民事诉讼法基础教程/(德) 汉斯 - 约阿希姆·穆泽拉克著/周翠翻译.-北京:中国政法大学出版社,2005.10 |
| [36], 582页:图;23cm.-(民事诉讼法学精粹译丛) |
| 本项目由福特基金会资助 |
| ISBN 7-5620-2707-2:CNY44.00 |
| 本书为德国高等政法院校教材,论述了德国民事诉讼法的基础理论与基本知识。具有很高的学术参考价值。 |
| ● |
| 相关链接 |
|
|
|
正题名:德国民事诉讼法基础教程
索取号:D951.651/M986
 
预约/预借
| 序号 | 登录号 | 条形码 | 馆藏地/架位号 | 状态 | 备注 |
| 1 | 244094 | 202440947 | 社科库509/509社科库 107排2列1层/ [索取号:D951.651/M986] | 在馆 | |
| 2 | 244095 | 202440956 | 社科库509/509社科库 107排2列1层/ [索取号:D951.651/M986] | 在馆 |